01164nam a2200193Ia 4500001001000000003001000010008004100020040002500061041001300086100003300099245007400132250001100206260006600217300002800283500025800311501011400569520025800683650002900941L232-6636IT-CnALBA170116s9999||||xx |||||||||||||| ||und|| aIT-CnALBAcIT-CnALBA aITALIANO aGALLERANI P. ALESSANDRO, SJ. 0aGESÙ SANTO OSSIA L'IMITAZIONE DI N. S. GESÙ CRISTO. TRATTATELLO.  a4a ed. aARC. MODENA.bIMMAC. CONCEZ. TIP. PONT.c1900 [1° Ed.: n.d.] a178 p. (prefazione: 56) aOMAGGIO A GESÙ REDENTORE. EDIZIONE PER L'ANNO SANTO 1900. GESÙ SANTO. BUONO. IMITAZIONE DI GESÙ. GESÙ E IL PADRE. VIRTÙ DI GESÙ. RE DEGLI APOSTOLI, CONFESSORI VERGINI MARTIRI, SANTI. ANNO SANTO E OMAGGIO A GESÙ CRISTO. PREGHIERA A GESÙ.  aSocietà San Paolo EM - Piazza San Paolo, 14 - 12051 ALBA (CN) (non commercial uses only) ® Copyright 2017 aOMAGGIO A GESÙ REDENTORE. EDIZIONE PER L'ANNO SANTO 1900. GESÙ SANTO. BUONO. IMITAZIONE DI GESÙ. GESÙ E IL PADRE. VIRTÙ DI GESÙ. RE DEGLI APOSTOLI, CONFESSORI VERGINI MARTIRI, SANTI. ANNO SANTO E OMAGGIO A GESÙ CRISTO. PREGHIERA A GESÙ.  aVITA E MISTERO DI CRISTO